| 000 | 00682nam a22002177a 4500 | ||
|---|---|---|---|
| 003 | OSt | ||
| 005 | 20140812213002.0 | ||
| 008 | 140731b1994 col spa | ||
| 040 | _cBMC | ||
| 082 | _a612.8 | ||
| 100 | 1 |
_923545 _aUribe Uribe, Carlos Santiago |
|
| 245 | 1 | 0 |
_aNeurología _cCarlos Santiago Uribe Uribe, Abraham Arana Chacón, Pablo Lorenzana Pombo |
| 250 | _a4ª ed | ||
| 260 |
_aMedellín _bCorporación para Investigaciones Biológicas _c1994 |
||
| 300 |
_aXIX, 716 p. _bil. _c22 cm |
||
| 490 | _aFundamentos de medicina | ||
| 650 | 2 | 4 |
_94199 _aNeurología |
| 700 | 1 |
_923546 _aArana Chacón, Abraham |
|
| 700 | 1 |
_923547 _aLorenzana Pombo, Pablo |
|
| 942 |
_2ddc _cBK |
||
| 999 |
_c12858 _d12858 |
||